000 00881nam a22002657a 4500
001 BR8203536
003 BR-BrBNA
005 20230928091339.0
007 ta
008 230509b bl.||||| |||| 00| 0 por d
040 _aBR-BrBNA
_bpor
_cBiblioteca Nacional de Agricultura
041 _a(Por)
072 _aA50; P00
_b/G514
090 _ A50 BR8203536
110 1 _aConselho Nacional de Desenvolvimento Cientifico e Tecnologico, Brasilia, DF (Brasil)
245 1 _aAcao programada em ciencia e tecnologia, v. 22. Recursos naturais faunisticos [programa de pesquisa, Brasil]
_b3. Plano Basico de Desenvolvimento Cientifico e Tecnologico
260 3 _aBrasilia, DF (Brasil):
_c1982.
300 _a30 p.
650 _aPROGRAMA DE PESQUISA
650 _aRECURSO NATURAL
650 _aFAUNA
650 _aCONSERVACAO
909 _a202309
_bLucia
_c55
_dLucia Elande
942 _cBK
999 _c33483
_d33483